000 00315nam a22001457a 4500
008 210309b ||||| |||| 00| 0 eng d
020 _a053419950X
041 _aeng
080 _28th
_a574
082 _a574
100 _a9
101 _aMJE
245 _aLiving in the Environment
_cMiller, T
942 _2udc
_cBK
999 _c56096
_d56096